000 00378nam a22001577a 4500
003 MPLRDC
005 20220104124144.0
008 210129b ||||| |||| 00| 0 eng d
082 _a496.5 LS
100 _a查尔斯. B.罗斯著; 张扬全译
245 _a最新推销术
_c
260 _a
_b现代工商出版社
_c
300 _b
650 _a
942 _cBK
_o496.5 LS
999 _c17074
_d17064